[Event "Ruhrgebiet Verbandsbezirksliga Gr 1"]
[Site "Ruhrgebiet"]
[Date "2018.11.11"]
[Round "3.7"]
[White "Grundmann, Wolfgang Udo"]
[Black "Stratmann, Alois"]
[Result "1-0"]
[WhiteElo "1649"]
[BlackElo "1391"]
[PlyCount "101"]
[EventDate "2018.09.30"]
[EventType "team-tourn"]
[EventRounds "9"]
[EventCountry "GER"]
[SourceTitle "EXT 2022"]
[Source "ChessBase"]
[SourceDate "2021.10.06"]
[SourceVersion "1"]
[SourceVersionDate "2021.10.06"]
[SourceQuality "1"]
[WhiteTeam "Kamen SV III"]
[BlackTeam "Ahlen SV II"]
[WhiteTeamCountry "GER"]
[BlackTeamCountry "GER"]

1. e4 e6 2. d4 d5 3. e5 c5 4. c3 Nc6 5. Nf3 Qc7 6. Bd3 Nge7 7. a3 cxd4 8. cxd4 Nf5 9. Bxf5 exf5 10. 0-0 Be6 11. Nc3 a6 12. Be3 Be7 13. Rc1 Qd8 14. Ne1 0-0 15. Nd3 Rc8 16. Nf4 Re8 17. Qb3 Na5 18. Qa2 Nc4 19. b4 b5 20. Nd3 Nxe3 21. fxe3 g6 22. Nc5 Bxc5 23. bxc5 Rc6 24. Rb1 Qd7 25. a4 bxa4 26. Nxa4 Qc7 27. Nb6 Rb8 28. Qxa6 Bc8 29. Qa2 Be6 30. Ra1 Rbxb6 31. cxb6 Qxb6 32. Qa5 Qxa5 33. Rxa5 Rc8 34. Rfa1 Kg7 35. R1a2 Rc3 36. Kf2 Kh6 37. Ke2 Rb3 38. Rc5 Kg5 39. Rc1 h5 40. Kf3 Kh6 41. h4 g5 42. hxg5+ Kxg5 43. g3 Rb8 44. Rh1 Rh8 45. Ra5 Rg8 46. Rha1 Rg7 47. Ra8 Rg6 48. Rh8 Rg7 49. Rh1 f6 50. R8xh5+ Kg6 51. Rh6+ 1-0

[Event "Hessen-ch Seniors op 12th"]
[Site "Bad Sooden-Allendorf"]
[Date "2016.05.01"]
[Round "2"]
[White "Stratmann, Alois"]
[Black "Kothe, Manfred"]
[Result "0-1"]
[WhiteElo "1594"]
[BlackElo "1935"]
[PlyCount "76"]
[EventDate "2016.04.30"]
[EventType "swiss"]
[EventRounds "9"]
[EventCountry "GER"]
[SourceTitle "EXT 2019"]
[Source "ChessBase"]
[SourceDate "2018.10.10"]
[SourceVersion "1"]
[SourceVersionDate "2018.10.10"]
[SourceQuality "1"]

1. c4 e5 2. Nc3 Nc6 3. g3 Nf6 4. Bg2 d6 5. Nf3 Be6 6. d3 Be7 7. 0-0 0-0 8. a3 a5 9. Bg5 Qd7 10. Re1 h6 11. Bd2 Nh7 12. Rb1 Ng5 13. Bxg5 hxg5 14. Ne4 g4 15. Nfd2 f5 16. Nc3 Rab8 17. e3 Bg5 18. f4 gxf3 19. Nxf3 Bh6 20. Nd2 Ne7 21. b4 axb4 22. axb4 c6 23. b5 d5 24. bxc6 bxc6 25. Rxb8 Rxb8 26. cxd5 cxd5 27. Nf1 d4 28. Ne2 dxe3 29. h3 Rd8 30. Nc1 f4 31. Kh2 Nf5 32. g4 Nd4 33. Be4 Bg5 34. Nxe3 fxe3 35. Rf1 Bf4+ 36. Kg1 Rb8 37. Ne2 Bxg4 38. Qb3+ Rxb3 0-1

[Event "Hessen-ch Seniors op 11th"]
[Site "Bad Sooden-Allendorf"]
[Date "2015.05.11"]
[Round "3"]
[White "Stratmann, Alois"]
[Black "Schwetje, Siegfried"]
[Result "1/2-1/2"]
[WhiteElo "1592"]
[BlackElo "1906"]
[PlyCount "132"]
[EventDate "2015.05.09"]
[EventType "swiss"]
[EventRounds "9"]
[EventCountry "GER"]
[SourceTitle "EXT 2018"]
[Source "ChessBase"]
[SourceDate "2017.10.13"]
[SourceVersion "1"]
[SourceVersionDate "2017.10.13"]
[SourceQuality "1"]

1. c4 e5 2. Nc3 b6 3. Nf3 Nc6 4. g3 Bb7 5. Bg2 d6 6. 0-0 Be7 7. d3 Nf6 8. a3 0-0 9. b4 Nd4 10. e4 Nd7 11. Nxd4 exd4 12. Ne2 c5 13. b5 f5 14. exf5 Bxg2 15. Kxg2 Rxf5 16. Nf4 Ne5 17. Nh3 Qc7 18. Bf4 Qb7+ 19. f3 Raf8 20. Qe2 g5 21. Bxe5 Rxe5 22. Qd2 g4 23. Ng1 Bg5 24. Qd1 Be3 25. h3 Bxg1 26. hxg4 Be3 27. Rh1 Re7 28. Rh5 Ref7 29. Rd5 Rxf3 30. Qxf3 Rxf3 31. Kxf3 Qe7 32. Re1 Qf7+ 33. Rf5 Qb7+ 34. Rd5 a6 35. a4 axb5 36. axb5 Qa8 37. Rxe3 dxe3 38. Kxe3 Qe8+ 39. Kf3 Qf7+ 40. Kg2 Qe6 41. g5 Kf7 42. Kf3 Ke7 43. Kf4 Qh3 44. Kf3 Ke6 45. Kf4 Qh2 46. Kg4 Qe2+ 47. Kf4 Qg2 48. Kg4 Qh1 49. Kf4 Qxd5 50. cxd5+ Kxd5 51. Kf5 Kd4 52. Kf6 Kxd3 53. Kg7 c4 54. Kxh7 c3 55. g6 c2 56. g7 c1Q 57. g8Q Qh1+ 58. Kg6 Qe4+ 59. Kg5 Qe5+ 60. Kg4 Qe4+ 61. Kh3 d5 62. g4 Qf3+ 63. Kh4 Qe4 64. Kh5 Qh1+ 65. Kg5 Qe4 66. Kh5 Qh1+ 1/2-1/2

[Event "Hessen-ch Seniors op 10th"]
[Site "Bad Sooden-Allendorf"]
[Date "2014.05.04"]
[Round "9"]
[White "Berger, Volkmar"]
[Black "Stratmann, Alois"]
[Result "1-0"]
[WhiteElo "1777"]
[BlackElo "1705"]
[PlyCount "57"]
[EventDate "2014.04.26"]
[EventType "swiss"]
[EventRounds "9"]
[EventCountry "GER"]
[SourceTitle "EXT 2018"]
[Source "ChessBase"]
[SourceDate "2017.10.13"]
[SourceVersion "1"]
[SourceVersionDate "2017.10.13"]
[SourceQuality "1"]

1. d4 Nf6 2. c4 e6 3. Nc3 b6 4. a3 Bb7 5. Nf3 Be7 6. e3 c5 7. d5 exd5 8. cxd5 d6 9. e4 Nbd7 10. Bf4 0-0 11. Qc2 Nh5 12. Bg3 Bf6 13. Be2 Be5 14. Nxe5 Nxg3 15. hxg3 Nxe5 16. f4 Ng6 17. 0-0 Bc8 18. Bd3 Bg4 19. Rfe1 a6 20. e5 dxe5 21. Rxe5 Qf6 22. Ne4 Qxe5 23. fxe5 Rac8 24. Nf2 c4 25. Bxg6 fxg6 26. Nxg4 Rf5 27. Re1 b5 28. d6 Rd8 29. Qe4 1-0

[Event "Hessen-ch Seniors op 10th"]
[Site "Bad Sooden-Allendorf"]
[Date "2014.04.29"]
[Round "4"]
[White "Micheel, Peter"]
[Black "Stratmann, Alois"]
[Result "1-0"]
[WhiteElo "1881"]
[BlackElo "1705"]
[PlyCount "87"]
[EventDate "2014.04.26"]
[EventType "swiss"]
[EventRounds "9"]
[EventCountry "GER"]
[SourceTitle "EXT 2018"]
[Source "ChessBase"]
[SourceDate "2017.10.13"]
[SourceVersion "1"]
[SourceVersionDate "2017.10.13"]
[SourceQuality "1"]

1. e4 e6 2. d4 b6 3. Bd3 Bb7 4. Nf3 c5 5. c3 Nc6 6. a3 Nf6 7. 0-0 cxd4 8. cxd4 Be7 9. Nc3 a6 10. Qe2 d6 11. h3 0-0 12. Be3 Re8 13. Nd2 b5 14. b4 e5 15. d5 Nd4 16. Qd1 Rc8 17. Rc1 Qd7 18. Bxd4 exd4 19. Ne2 Rxc1 20. Qxc1 Rc8 21. Qb1 Nh5 22. Nxd4 g6 23. Rc1 Nf4 24. Bf1 Bf6 25. Ne2 Rxc1 26. Qxc1 Nxe2+ 27. Bxe2 Bd4 28. Nb3 Bb6 29. Kf1 Qe8 30. Bf3 Qe5 31. g3 Qf6 32. Kg2 g5 33. Qc2 h6 34. Na5 Qe7 35. Bg4 Bxa5 36. bxa5 Qd8 37. Qc3 f6 38. Be6+ Kg7 39. h4 Kg6 40. h5+ Kg7 41. Qf3 Qe8 42. g4 Ba8 43. Qf5 Bb7 44. Kg3 1-0

[Event "Hessen-ch Seniors op 10th"]
[Site "Bad Sooden-Allendorf"]
[Date "2014.04.26"]
[Round "1"]
[White "Bomert, Egon"]
[Black "Stratmann, Alois"]
[Result "1-0"]
[WhiteElo "2101"]
[BlackElo "1705"]
[PlyCount "63"]
[EventDate "2014.04.26"]
[EventType "swiss"]
[EventRounds "9"]
[EventCountry "GER"]
[SourceTitle "EXT 2018"]
[Source "ChessBase"]
[SourceDate "2017.10.13"]
[SourceVersion "1"]
[SourceVersionDate "2017.10.13"]
[SourceQuality "1"]

1. e4 e6 2. d4 d5 3. Nd2 Nf6 4. e5 Nfd7 5. f4 c5 6. c3 Nc6 7. Ndf3 Qb6 8. Ne2 Ne7 9. Rb1 Nf5 10. g4 Ne7 11. Be3 Nc6 12. Ng3 cxd4 13. cxd4 Bb4+ 14. Kf2 Be7 15. a3 a5 16. Bd3 Nf8 17. Nh5 Rg8 18. f5 exf5 19. gxf5 Bxf5 20. Bxf5 g6 21. Rg1 Qd8 22. Bh6 Ne6 23. Bxe6 fxe6 24. Nf4 Kd7 25. Qb3 Rb8 26. Rbc1 g5 27. Nxd5 exd5 28. Qxd5+ Kc7 29. Qxa5+ Kc8 30. Qxd8+ Rxd8 31. Bxg5 Bxg5 32. Rxg5 1-0

[Event "Dortmund Sparkassen op-B"]
[Site "Dortmund"]
[Date "2013.08.01"]
[Round "6"]
[White "Biermann, Florian2222"]
[Black "Stratmann, Alois"]
[Result "1/2-1/2"]
[WhiteElo "1725"]
[BlackElo "1712"]
[PlyCount "139"]
[EventDate "2013.07.27"]
[EventType "swiss"]
[EventRounds "9"]
[EventCountry "GER"]
[SourceTitle "EXT 2022"]
[Source "ChessBase"]
[SourceDate "2021.10.06"]
[SourceVersion "1"]
[SourceVersionDate "2021.10.06"]
[SourceQuality "1"]

1. Nf3 Nf6 2. g3 e6 3. Bg2 d5 4. d4 Nbd7 5. Bf4 Be7 6. e3 b6 7. Nc3 a6 8. Qd2 Bb4 9. a3 Ne4 10. Qd3 Nxc3 11. bxc3 Ba5 12. 0-0 0-0 13. c4 c6 14. c5 bxc5 15. Bd6 Re8 16. dxc5 Bc7 17. e4 Bxd6 18. cxd6 Nc5 19. Qd4 Nxe4 20. Ne5 Nxd6 21. Nxc6 Qd7 22. Ne5 Qc7 23. c4 Nf5 24. Qf4 f6 25. Nd3 Qxf4 26. Nxf4 Ra7 27. cxd5 e5 28. Nd3 a5 29. Rad1 Ba6 30. Rfe1 Bxd3 31. Rxd3 Rd8 32. Red1 Nd6 33. Bh3 f5 34. f3 h5 35. g4 g6 36. Kf2 hxg4 37. fxg4 fxg4 38. Bxg4 Rf7+ 39. Kg2 Rf6 40. Be6+ Kg7 41. Rf1 Rdf8 42. Rxf6 Rxf6 43. Rf3 Rxf3 44. Kxf3 Kf6 45. Ke2 Nc4 46. Kd3 Nxa3 47. Bd7 Ke7 48. Bc6 Kd6 49. h4 Kc5 50. Ke4 Kd6 51. Kd3 Kc5 52. Ke4 Nc4 53. Be8 Kd6 54. Bxg6 a4 55. h5 a3 56. h6 a2 57. h7 a1Q 58. h8Q Qb1+ 59. Kf3 Qxg6 60. Qd8+ Kc5 61. Qc7+ Kxd5 62. Qd7+ Qd6 63. Qf7+ Kc5 64. Qa7+ Qb6 65. Qe7+ Kb5 66. Qh7 Qe3+ 67. Kg2 Qe2+ 68. Kh1 Qf3+ 69. Kh2 Qf4+ 70. Kh1 1/2-1/2

[Event "Dortmund Sparkassen op-B"]
[Site "Dortmund"]
[Date "2013.07.31"]
[Round "5"]
[White "Kartsev, Nikolaj"]
[Black "Stratmann, Alois"]
[Result "1-0"]
[WhiteElo "1591"]
[BlackElo "1712"]
[PlyCount "87"]
[EventDate "2013.07.27"]
[EventType "swiss"]
[EventRounds "9"]
[EventCountry "GER"]
[SourceTitle "EXT 2022"]
[Source "ChessBase"]
[SourceDate "2021.10.06"]
[SourceVersion "1"]
[SourceVersionDate "2021.10.06"]
[SourceQuality "1"]

1. e4 e6 2. d4 d5 3. e5 c5 4. c3 Nc6 5. Nf3 Qb6 6. Bd3 Nge7 7. a3 Nf5 8. Bxf5 exf5 9. b4 cxd4 10. cxd4 Be7 11. 0-0 0-0 12. Nc3 Be6 13. Qd3 Rac8 14. Na4 Qc7 15. Ng5 b6 16. Bf4 Nb8 17. Qh3 Bxg5 18. Bxg5 Qc2 19. Qg3 Qe4 20. h3 Nd7 21. Bh6 g6 22. Bxf8 Kxf8 23. Qe3 f4 24. Qxe4 dxe4 25. Rac1 Rxc1 26. Rxc1 b5 27. Nc3 Bc4 28. Nxe4 Ke7 29. a4 a6 30. axb5 axb5 31. Nd6 Nb6 32. Ra1 f6 33. Ra6 Nd5 34. exf6+ Nxf6 35. Nxc4 bxc4 36. Rxf6 Kxf6 37. Kf1 Ke6 38. Ke2 Kd5 39. b5 h6 40. g4 h5 41. gxh5 gxh5 42. f3 h4 43. Kd2 Kxd4 44. b6 1-0

[Event "Dortmund Sparkassen op-B"]
[Site "Dortmund"]
[Date "2012.07.22"]
[Round "9"]
[White "Fahle, Karl Wilhelm"]
[Black "Stratmann, Alois"]
[Result "1/2-1/2"]
[WhiteElo "1256"]
[BlackElo "1311"]
[PlyCount "56"]
[EventDate "2012.07.14"]
[EventType "swiss"]
[EventRounds "9"]
[EventCountry "GER"]
[SourceTitle "EXT 2014"]
[Source "ChessBase"]
[SourceDate "2013.11.20"]
[SourceVersion "1"]
[SourceVersionDate "2013.11.20"]
[SourceQuality "1"]

1. e4 e6 2. d4 d5 3. e5 c5 4. c3 Nc6 5. Nf3 Qb6 6. a3 Nge7 7. b4 cxd4 8. cxd4 Nf5 9. Bb2 Be7 10. Bd3 0-0 11. Bxf5 exf5 12. Nc3 Be6 13. Na4 Qd8 14. Nc5 b6 15. Nxe6 fxe6 16. 0-0 a5 17. b5 Na7 18. a4 Rc8 19. Ba3 Bxa3 20. Rxa3 Qe7 21. Qd3 Rc4 22. Nd2 Rc7 23. Rc3 Rfc8 24. Rfc1 Qd8 25. f4 Rxc3 26. Rxc3 Rxc3 27. Qxc3 Qc8 28. Qb2 Qc7 1/2-1/2

[Event "Dortmund Sparkassen op-B"]
[Site "Dortmund"]
[Date "2012.07.15"]
[Round "2"]
[White "Truemper, Michael"]
[Black "Stratmann, Alois"]
[Result "1/2-1/2"]
[WhiteElo "1585"]
[BlackElo "1311"]
[PlyCount "54"]
[EventDate "2012.07.14"]
[EventType "swiss"]
[EventRounds "9"]
[EventCountry "GER"]
[SourceTitle "EXT 2014"]
[Source "ChessBase"]
[SourceDate "2013.11.20"]
[SourceVersion "1"]
[SourceVersionDate "2013.11.20"]
[SourceQuality "1"]

1. d4 Nf6 2. Nc3 e6 3. e4 d5 4. Bg5 h6 5. Bxf6 Qxf6 6. e5 Qd8 7. a3 c5 8. Nf3 Nc6 9. Bb5 Bd7 10. dxc5 Bxc5 11. 0-0 0-0 12. b4 Be7 13. Re1 Nb8 14. Bf1 Qc7 15. Qd2 a6 16. Ne2 Nc6 17. Ned4 Rac8 18. Nb3 Qb6 19. c3 Na7 20. Rac1 Bb5 21. Qd4 Qxd4 22. cxd4 b6 23. g3 Rxc1 24. Rxc1 Rc8 25. Rxc8+ Nxc8 26. Bxb5 axb5 27. Nc1 Na7 1/2-1/2

[Event "Moehnesee Cup-B"]
[Site "Moehnesee"]
[Date "2005.08.20"]
[Round "5"]
[White "Grasse, Herbert"]
[Black "Stratmann, Alois"]
[Result "1-0"]
[WhiteElo "1594"]
[BlackElo "1395"]
[PlyCount "97"]
[EventDate "2005.08.18"]
[EventType "swiss"]
[EventRounds "7"]
[EventCountry "GER"]
[SourceTitle "CBM 108 Extra"]
[Source "ChessBase"]
[SourceDate "2005.11.04"]
[SourceVersion "1"]
[SourceVersionDate "2005.11.04"]
[SourceQuality "1"]

1. e4 e6 2. d3 d5 3. Nd2 c5 4. Ngf3 Bd7 5. g3 Ne7 6. Bg2 Bc6 7. 0-0 g6 8. Kh1 Bg7 9. Ng1 0-0 10. Ne2 Nd7 11. f4 f5 12. e5 Nb6 13. Nb3 Nd7 14. d4 c4 15. Nd2 b5 16. c3 a5 17. a3 a4 18. Nf3 h6 19. h3 Rf7 20. Qe1 Nf8 21. g4 Nh7 22. Qg3 Bd7 23. h4 Be8 24. h5 gxh5 25. gxh5 Rf8 26. Qh3 Bf7 27. Nh2 Qe8 28. Bf3 Kh8 29. Bd2 Rg8 30. Ng3 Nc6 31. Be2 Na5 32. Rab1 Nb3 33. Be3 Qd8 34. Nf3 Ra7 35. Nh4 Qd7 36. Ng6+ Bxg6 37. hxg6 Nf8 38. Nh5 Qe7 39. Rg1 Nd7 40. Rbd1 Raa8 41. Bf2 Raf8 42. Bh4 Qe8 43. Nf6 Qc8 44. Nxg8 Kxg8 45. Bg5 Rd8 46. Bxh6 Nf8 47. Rg2 Rd7 48. Rh2 Qe8 49. Bxg7 1-0

[Event "Moehnesee Cup-B"]
[Site "Moehnesee"]
[Date "2005.08.19"]
[Round "2"]
[White "Stratmann, Alois"]
[Black "Glienke, Norbert"]
[Result "0-1"]
[WhiteElo "1395"]
[BlackElo "1679"]
[PlyCount "166"]
[EventDate "2005.08.18"]
[EventType "swiss"]
[EventRounds "7"]
[EventCountry "GER"]
[SourceTitle "CBM 108 Extra"]
[Source "ChessBase"]
[SourceDate "2005.11.04"]
[SourceVersion "1"]
[SourceVersionDate "2005.11.04"]
[SourceQuality "1"]

1. c4 Nf6 2. Nc3 g6 3. Nf3 Bg7 4. g3 0-0 5. Bg2 c6 6. 0-0 d6 7. d3 Nbd7 8. Re1 Qc7 9. Bd2 Ng4 10. h3 Nge5 11. Nxe5 Nxe5 12. Rb1 Be6 13. Ne4 h6 14. Bc3 Rad8 15. a3 Qc8 16. Kh2 d5 17. Nc5 dxc4 18. Nxe6 Qxe6 19. d4 Nd7 20. Qa4 a6 21. e3 Nb8 22. Qc2 Nd7 23. Rbd1 Nf6 24. e4 Qc8 25. Bb4 Rd7 26. Qxc4 Ne8 27. e5 Nc7 28. Rc1 Rfd8 29. Bc3 e6 30. f4 Nd5 31. Ba5 Nc7 32. Bb6 Re8 33. a4 Nd5 34. Bc5 Bf8 35. Bxf8 Rxf8 36. Bxd5 Rxd5 37. Red1 Rfd8 38. Rc3 Qd7 39. Rcd3 c5 40. b3 Rxd4 41. Rxd4 cxd4 42. Kg2 Qc6+ 43. Qxc6 bxc6 44. Kf3 c5 45. Ke4 Rb8 46. Rb1 a5 47. Kd3 Rb4 48. Rb2 Kf8 49. g4 h5 50. Kc2 hxg4 51. hxg4 c4 52. bxc4 Rxc4+ 53. Kd3 Rxa4 54. Rb3 Kg7 55. g5 Ra1 56. Kxd4 a4 57. Rb7 a3 58. Ra7 a2 59. Kc3 Rf1 60. Rxa2 Rxf4 61. Rg2 Re4 62. Kd3 Rxe5 63. Kd4 Re1 64. Kd3 f5 65. gxf6+ Kxf6 66. Kd4 g5 67. Rf2+ Kg6 68. Kd3 g4 69. Kd2 Re5 70. Kd3 Kg5 71. Kd4 Rf5 72. Re2 Kf6 73. Rg2 e5+ 74. Ke4 Rf4+ 75. Ke3 Kf5 76. Rg3 Ra4 77. Kf2 Ra2+ 78. Ke3 Ra3+ 79. Kf2 Rxg3 80. Kxg3 Ke4 81. Kxg4 Ke3 82. Kg3 e4 83. Kg2 Kd2 0-1